|
|
|
|
| LEADER |
00000ntm a22000007u 4500 |
| 001 |
zp21727 |
| 041 |
|
|
|a cze
|
| 100 |
1 |
|
|a Fajbusová, Šárka
|4 dis
|
| 245 |
1 |
0 |
|a Projekt zvýšení efektivnosti výrobního procesu ve firmě DINA - HITEX, spol. s r.o.
|
| 246 |
|
|
|a A project to increase manufacturing process efficiency in DINA - HITEX, spol. s r.o.
|
| 260 |
|
|
|c 2011
|
| 300 |
|
|
|a 101 s.
|
| 500 |
|
|
|a Studijní obor: Průmyslové inženýrství
|
| 500 |
|
|
|a Studijní obor: Industrial Engineering
|
| 500 |
|
|
|a Ústav: Ústav průmyslového inženýrství a informačních systémů
|
| 500 |
|
|
|a Univerzita Tomáše Bati ve Zlíně. Fakulta managementu a ekonomiky
|
| 500 |
|
|
|a Tomas Bata University in Zlín. Faculty of Management and Economics
|
| 506 |
|
|
|a Pouze v rámci univerzity
|
| 653 |
|
|
|a řízení výroby
|
| 653 |
|
|
|a inovace
|
| 653 |
|
|
|a SWOT analýza
|
| 653 |
|
|
|a production management
|
| 653 |
|
|
|a innovation
|
| 653 |
|
|
|a SWOT analysis
|
| 655 |
|
4 |
|a diplomová práce
|
| 700 |
1 |
|
|a Němec, Dobroslav
|4 ths
|
| 710 |
2 |
|
|a Univerzita Tomáše Bati ve Zlíně. Fakulta managementu a ekonomiky
|4 dgg
|
| 710 |
2 |
|
|a Tomas Bata University in Zlín. Faculty of Management and Economics
|4 dgg
|
| 856 |
4 |
0 |
|u http://hdl.handle.net/10563/16793
|y Plný text v Digitální knihovně UTB
|